|
|
|
|
| LEADER |
00000naa2a2200000 4500 |
| 001 |
398681 |
| 005 |
20231101065111.0 |
| 035 |
|
|
|a (RuTPU)RU\TPU\prd\39106
|
| 090 |
|
|
|a 398681
|
| 100 |
|
|
|a 20051020a2004 k y0rusy50 ca
|
| 101 |
0 |
|
|a eng
|
| 102 |
|
|
|a RU
|
| 200 |
1 |
|
|a Прогнозирование усталостной долговечности сварных коробчатых конструкций
|f Х. Зедира, Ж. Жильбер, А. Бумаза и др.
|
| 225 |
1 |
|
|a Научно-технический раздел
|
| 320 |
|
|
|a Библиогр.: 7 назв.
|
| 461 |
|
0 |
|0 (RuTPU)RU\TPU\prd\1695
|x 0556-171X
|t Проблемы прочности
|o журнал
|f НАН Украины
|d 2002-
|
| 463 |
|
0 |
|0 (RuTPU)RU\TPU\prd\32788
|t № 6
|v С. 17-25
|d 2004
|
| 610 |
1 |
|
|a сварные коробчатые конструкции
|
| 610 |
1 |
|
|a объемный метод
|
| 610 |
1 |
|
|a напряжение
|
| 610 |
1 |
|
|a относительные градиенты
|
| 610 |
1 |
|
|a эффективное напряжение
|
| 610 |
1 |
|
|a образцы
|
| 610 |
1 |
|
|a усталостная прочность
|
| 610 |
1 |
|
|a надрезы
|
| 610 |
1 |
|
|a отношение
|
| 675 |
|
|
|a 539.4
|v 3
|
| 701 |
|
1 |
|a Зедира
|b Х.
|
| 701 |
|
1 |
|a Жильбер
|b Ж.
|
| 701 |
|
1 |
|a Бумаза
|b А.
|
| 701 |
|
1 |
|a Жодин
|b П.
|
| 701 |
|
1 |
|a Азари
|b З.
|
| 701 |
|
1 |
|a Плювинаж
|b Г.
|
| 801 |
|
1 |
|a RU
|b 63413507
|c 20051020
|g PSBO
|
| 942 |
|
|
|c BK
|